Statistics for Guess the Swiss City by its Postal Code - 1000s

Click here to take the quiz!

General Stats

  • This quiz has been taken 15 times
  • The average score is 7 of 9

Answer Stats

Postal CodeCity% Correct
8000Zurich
91%
4000Basel
82%
3000Bern
82%
7000Chur
82%
1000Lausanne
82%
6000Lucerne
82%
9000St. Gallen
73%
5000Aarau
64%
2000Neuchâtel
55%

Score Distribution

Percentile by Number Answered

Percent of People with Each Score

Your Score History

You have not taken this quiz